000
nam a22 7a 4500
999
_c
6827
_d
6827
003
yeezen
005
20180502112736.0
008
180502b xxu||||| |||| 00| 0 chi d
020
_a
978-986-86194-4-9
082
_a
575.33
245
_a
進擊-吳志揚的YUONG BOOK
_c
吳志揚
250
_a
初版
260
_a
新北市
_b
聯合晚報
_c
2018.02
942
_2
ccl
_c
BOOK